00661 2200241 4500001002100000005001500021035002000036007000300056008004100059020002200100082001000122084001600132100001700148245010500165250001000270260002700280300003000307650001200337700002500349700002100374990001200395990001200407INLIS00000000000180820180327095151 a0010-0318000151ta180327 g 0 ind  a978-979-91-0577-6 a398.2 a398.2 GRA s0 aGRACE, Judio1 aSolusi Tanpa Stres untuk Anak Gemuk /cGrace Judio; penyunting, Rooslain Wiharyanti, Heni Wiradimaja acet.1 aJakarta :bGaia,c2013 a71 hlm :bilus. ;c20 cm. aDONGENG0 aROOSLAIN, Wiharyanti0 aHENI, Wiradimaja a16463 a a16463 b